Music Quiz

Random Music or Math Quiz

Count to 10... With a Music Twist Quiz Stats

 Plays Quiz Updated Oct 20, 2019

Score 0/10 Timer 03:00
21 Plays Today
Question Answer Wrong Answers
Let's start with 1... ???
93.1%
???
1.4%
???
2.8%
???
2.6%
Next is 9... ???
88%
???
3.9%
???
2.6%
???
2.4%
Then 3... ???
87.6%
???
5.6%
???
3.7%
???
1.8%
Next is 6... ???
82.9%
???
6.3%
???
3.1%
???
5.5%
And 5... ???
80.6%
???
6.2%
???
4.7%
???
6.5%
Here's 8... ???
79.6%
???
2.2%
???
11.1%
???
4.2%
Then 4... ???
72.9%
???
4.3%
???
10.6%
???
10.4%
Now 7... ???
69.1%
???
2%
???
15.9%
???
10.3%
Next is 2... ???
60.8%
???
17.8%
???
14.1%
???
6.8%
And finally, 10! ???
53.5%
???
11%
???
12.9%
???
19.2%

You're not logged in!

Compare scores with friends on all Sporcle quizzes.
OR
Log In

Sporcle TV

Today on Sporcle TV


Watch our educational content, quiz creation guides, and fun videos on Sporcle TV.

Show Comments

Extras

Top Quizzes Today


Score Distribution

Your Account Isn't Verified!

In order to create a playlist on Sporcle, you need to verify the email address you used during registration. Go to your Sporcle Settings to finish the process.

Report this User

Report this user for behavior that violates our Community Guidelines.

Details: